Film français : Le Gendarme en balade - Statistiques

Statistiques générales
  • Ce quiz a été pris 19 fois
  • Le résultat moyen est 12 sur 20
Statistiques - réponses
Questions Réponses % Correct
Acteur jouant le rôle de Ludovic Cruchot. Louis de Funès
100%
Acteur jouant le rôle de Jérôme Gerber. Michel Galabru
94%
Année de sortie du film. 1970
81%
Modèle de voiture Citroën que conduisit "avec style" Sœur Marie-Bénédicte (Sara Franchetti) accompagnée de Mère Clothilde (France Rumilly), ramenant les gendarmes égarés au couvent. 2 Chevaux
75%
Acteur jouant le rôle de Lucien Fougasse. Jean Lefebvre
75%
Spécialité culinaire provençale qui se compose d'une soupe de poissons accompagnée de croûtons de pain frottés à l’ail et tartinés de rouille, de morceaux de poissons, et de pommes de terre. Après avoir empêché les nouveaux gendarmes d'arrêter les nudistes, Gerber proposa : "Messieurs, je crois que rien ne s'oppose à ce que nous nous tapions une monstrueuse _________." La bouillabaisse
75%
Mollusque marin bivalve. Afin de dévisser l'ogive de la fusée T80 à tête nucléaire, Cruchot demanda à Gerber de lui fournir une petite fourchette servant d'ordinaire à déguster ces mollusques. L'huître
75%
Révolte estudiantine de grande ampleur qui a quelque peu bousculé le volet précédent de la saga des Gendarmes. Le film y fit ironiquement écho avec un pavé que Cruchot conserva dans son musée personnel et présenta également à Gerber lors de sa visite. Mai 68
75%
Réalisateur du film. Jean Girault
69%
Complétez cette réplique de Cruchot : "Oh si vous me le dites, je vous fous quatre ____." Jours
63%
Groupe de rock britannique dont les gendarmes adoptèrent les prénoms en s'infiltrant dans le rassemblement nudiste hippie. Les Beatles
63%
Acteur jouant le rôle du palefrenier qui raconte l'histoire du petit Chaperon rouge à Cruchot (passage absent du scénario). Acteur habitué aux rôles de valets comme dans "Oscar" ou "Hibernatus". Paul Préboist
56%
Mets servi entre deux autres plats, d'où son nom. Au fil du temps, il est devenu de plus en plus sucré au point de remplacer parfois le dessert au XXIe siècle. Afin de dévisser l'ogive de la fusée T80 à tête nucléaire, Cruchot demanda à Gerber de lui fournir une cuiller à ________. L'entremets
50%
Complétez cette réplique de Gerber : "Ca manque d'huile ça, hein. Ce n'est pas le tout d'acheter. Il faut ________." Entretenir
44%
Ville située au pied de la Montagne Sainte Victoire où l'on trouve le centre de convalescence de la gendarmerie, "La Pinsonnière", centre où était soigné Fougasse devenu amnésique après avoir aidé à la capture de malfaiteurs. Aix-en-Provence
31%
Site de bataille qui acquis une notoriété tragique durant la Première Guerre mondiale, notamment pendant l'offensive imaginée et dirigée par le général Nivelle durant le printemps 1917. De nombreux soldats se mutinèrent alors. Gerber rappela à Fougasse qu'il n'avait pas à saper le moral des troupes (lorsqu'il rêva de bons repas et des boissons fraîches servies à la Pinsonnière) car on en a fusillé pour moins que cela au moment de ces mutineries. Le Chemin des Dames
31%
Saint prêtre français du XVIIe siècle, fondateurs de nombreuses congrégations pour soulager la misère matérielle et morale. Il créa notamment l'Hôpital des Enfants-Trouvés, un hospice pour enfants déshérités et abandonnés. Ce saint donna son nom au couvent où Mère Clothilde dirigea une colonie de vacances. Saint Vincent de Paul
31%
Station balnéaire de la Côte d'Azur faisant face aux Îles d'Or (l'Île du Levant, Port-Cros et l'île de Bagaud), au pied du Massif des Maures et à un peu plus de 30 bornes à l'ouest de Saint-Tropez, station vers laquelle Gerber proposa de se diriger à pied en longeant la côte pour y appeler leurs épouses en PCV. Le Lavandou
25%
Acteur suisse, partenaire de Jean Yanne dans un certain nombre de ses sketchs, qui jouait le rôle du "curé en clergyman" faisant un concours de grimaces avec Cruchot. Paul Mercey
25%
Ville faisant face à Saint-Tropez sur le Golfe de Saint-Tropez contre qui les gendarmes de Saint-Tropez ont remporté une partie de boules en 1964, trophée que Cruchot conserva dans son musée personnel et présenta à Gerber lors de sa visite. L'acteur Michel Constantin vécut dans cette station balnéaire. Sainte-Maxime
19%
Aucun quiz correspondant
Distribution des résultats
% des personnes avec chaque résultat
Percentile par nombre de réponses
Votre historique - résultats
Vous n’avez pas pris ce quiz